LEADER 00663nam a2200181 i 4500 001 000000249088 003 CaOOAMICUS 005 20160428000000.0 008 160428s1853 xx u000 u fre u 013 $a227993 040 $aSeMil$bita 245 10$aTome 27.2 [Supplément 2.2]. 300 $aP. 400-800. 773 0 $tEncyclopédie du dix-neuvieme siècle.$dParis : Au Bureau de l' Encyclopédie du XIXe siècle, 1838.$gSuppl. [2$w()11611 850 $aSeMil 852 $aSeMil$W1$xVenegono$y1$m1D III 54 FA$j199434$B199434$CSeMilBibl$Z2$F210879 $8I 961 $aRecupero: Mantegazza 996 $6245$aTome 27.2 [Supplément 2.2]$9(OLS)http://semarc/title/351358 LEADER 01064nam a2200217 i 4500 001 000000080206 003 CaOOAMICUS 005 20171019000000.0 008 171019s1820 xx u000 u fre u 013 $a52444 026 $ae.ur 7.s- n.s. memi (3) 1820 (A) 040 $aSeMil$bita 245 10$aNotices historiques sur le Général Marceau mort dans la Campagne de 1796 publiées par Sergent-Marceau .. 260 $aA Milan :$bChez P. E. Giusti,$c1820. 300 $a[2], 227, [1] p., [7] c. di tav. :$bill. ;$c8°. 650 4$aMarceau-Desgraviers, François Séverin <1769-1796>.$0(OLS)http://semarc/subject/45294 700 1 $aSergent Marceau, Antoine François <1751-1847>.$0(OLS)http://semarc/name/90155 850 $aSeMil 852 $aSeMil$W1$xVenegono$y1$m3S III 125 FA$j45752$B45752$CSeMilBibl$Z2$F47803 $8I 996 $6245$aNotices historiques sur le Général Marceau mort dans la Campagne de 1796 publiées par Sergent-Marceau ..$9(OLS)http://semarc/title/403796 996 $6260$aA Milan :$bChez P. E. Giusti$9(OLS)http://semarc/publisher/56487